000 01706nam a22003257a 4500
001 51661
003 UA-OsUOA
005 20260309130115.0
007 ta
008 20140918b un ||-cn |||| 00| 0 ukrpdeng d
020 _a0920862020
040 _aUA-OsUOA
_bukr
_cUA-OsUOA
_dUA-OsUOA
041 _aeng
_aukr
080 _a82-13
090 _a82-13
_bU31
245 _aUkrainian Dumy: Editio Minor
_cTranslations: George Tarnawsky, Patricia Kilina ; Introduction by Natalie K. Moyle
260 _aToronto
_aCambridge
_bCanadian Institute of Ukrainian Studies
_bHarvard Ukrainian Research Institute
_c1979
300 _a219 p.
490 _aThe Canadian Library in Ukrainian Studies
520 _aUkrainian Dumy, the folk heroic epics of Cossack Ukraine, speak of glorious deeds in battle. They tell of heroes who conquer three hundred, six hundred, and even nine hundred of the Tatar enemy single-handedly. They describe loyalty to comrades and self-sacrifice for the good of others and for the prosperity of Ukraine. They tell of men who endure enormous pain and still keep fighting for the sake of their homeland. They convey a simple, down-to-earth ethic of recognizing a person for what he is, rather than for the money, fine clothes, or social status he possesses.
650 7 _a82 Література. Літературознавство
_2UDC
_915
700 1 _aTarnawsky G.
_924335
700 1 _aKilina P.
_924336
700 1 _aMoyle N. K.
_924337
856 4 0 _uhttps://diasporiana.org.ua/wp-content/uploads/books/9178/file.pdf
942 _cBK
_2udc
955 _a3
999 _c431787
_d431787